| 000 | 005140000a22001930004500 | ||
|---|---|---|---|
| 999 |
_c49226 _d49226 |
||
| 001 | 2078 | ||
| 003 | CO-MdFUSB | ||
| 005 | 20180912144222.0 | ||
| 008 | 180912b xxu||||| |||| 00| 0 eng d | ||
| 020 | _a0-590-45813-2 | ||
| 040 | _cCO-MdBIC | ||
| 082 | 0 | 4 | _a813C B12be |
| 100 | 1 | _aBackstein, Karen | |
| 245 | 1 | 0 | _aThe Blind Men and the Elephant / Karen Backstein ; ilustrado por Annie Mitra |
| 260 | _aUSA : Scholastic | ||
| 300 | _a[48 P.] | ||
| 650 | 1 | 4 | _aCuentos Infantiles estadounidenses |
| 942 | _cLGB | ||